Normal view
MARC view
- MacLaughlin,David
Entry Personal Name
001 - CONTROL NUMBER
- control field: 726
003 - CONTROL NUMBER IDENTIFIER
- control field: OSt
005 - DATE AND TIME OF LATEST TRANSACTION
- control field: 20160701154435.0
008 - FIXED-LENGTH DATA ELEMENTS
- fixed length control field: 160701|| aca||aabn | a|a d
040 ## - CATALOGING SOURCE
- Original cataloging agency: OSt
- Transcribing agency: OSt
100 ## - HEADING--PERSONAL NAME
- Personal name: MacLaughlin,David
670 ## - SOURCE DATA FOUND
- Source citation: Work cat.: (OSt): MacLaughlin,David, Structural Steel Design, 2011
